LEADER 00930nam0-22003131i-450- 001 990000902710403321 005 20021219123508.0 010 $a88-203-2761-9 035 $a000090271 035 $aFED01000090271 035 $a(Aleph)000090271FED01 035 $a000090271 100 $a20021127d2000----km-y0itay50------ba 101 0 $aita 105 $ay-------001yy 200 1 $a<>relazione tecnica antincendio$eguida per la stesura del progetto di prevenzione incendi$fRoberto Camera 210 $aMilano$cU. Hoepli$d2000 215 $a402 p., [3] c.$c30 cm$e1 CD-ROM 225 1 $aBiblioteca tecnica Hoepli 610 0 $aIncendi$aPrevenzione 676 $a363.377 700 1$aCamera,$bRoberto$043904 801 0$aIT$bUNINA$gRICA$2UNIMARC 901 $aBK 912 $a990000902710403321 952 $a13 47 31$b12804$fFINBC 959 $aFINBC 996 $aRelazione tecnica antincendio$9357584 997 $aUNINA LEADER 01181nam0 22002771i 450 001 UON00472515 005 20231205105212.350 100 $a20161219d1942 |0itac50 ba 101 $aita$aLAT 102 $aIT 105 $a|||| ||||| 200 1 $aˆLe ‰familiari. 4.: per cura di Umberto Bosco: libri XX-XXIV e indici. con ritratto. / Francesco Petrarca ; edizione critica per cura di Vittorio Rossi 210 $aFirenze$cG. C. Sansoni$d1942 215 $aVIII, 431 p.$d24 cm. 316 $avalore stimato$5IT-UONSI ITAIII/0199 b 620 $aIT$dFirenze$3UONL000052 700 1$aPetrarca$bFrancesco$3UONV120468$0292779 702 1$aBOSCO$bUmberto$3UONV155936 702 1$aROSSI$bVittorio$3UONV118543 712 $aSansoni$3UONV246441$4650 801 $aIT$bSOL$c20250314$gRICA 899 $aSIBA - SISTEMA BIBLIOTECARIO DI ATENEO$2UONSI 912 $aUON00472515 950 $aSIBA - SISTEMA BIBLIOTECARIO DI ATENEO$dSI ITA III 0199 b $eSI MR 39543/2 7 0199 b valore stimato 996 $aFamiliari. 4.: per cura di Umberto Bosco: libri XX-XXIV e indici. con ritratto$93900634 997 $aUNIOR